logo

Bir Sreshtho Munshi Abdur Rouf Library
Jhenaidah Cadet College

নজরুল-সঙ্গীত স্বরলিপি সংগ্রহ / (Record no. 10186)

MARC details
000 -LEADER
fixed length control field 00868nam a2200229 a 4500
001 - CONTROL NUMBER
JCCL Control Number 10186
003 - CONTROL NUMBER IDENTIFIER
JCCL marc code BD-JhCC
005 - DATE AND TIME OF LATEST TRANSACTION
control field 20180521110315.0
008 - FIXED-LENGTH DATA ELEMENTS--GENERAL INFORMATION
fixed length control field 180419s1997 bg |||| ||a| 000 0 ben d
035 ## - SYSTEM CONTROL NUMBER
system control number (BD-JhCC)10186
040 ## - CATALOGING SOURCE
Original cataloging agency BD-JhCC
Modifying agency BD-JhCC
041 ## - LANGUAGE CODE
Language code of Book ben
082 ## - DEWEY DECIMAL CLASSIFICATION NUMBER
Classification number 784
Author mark and Year NAZ 1997
245 ## - TITLE STATEMENT
Title নজরুল-সঙ্গীত স্বরলিপি সংগ্রহ /
Statement of responsibility, etc মুহম্মদ নূরুল হুদা, সুধীন দাশ এবং রশিদুন্ নবী
260 ## - PUBLICATION, DISTRIBUTION, ETC. (IMPRINT)
Place of publication, distribution, etc ঢাকা :
Name of publisher, distributor, etc নজরুল ইন্সটিটিউট,
Date of publication, distribution, etc 1997
300 ## - PHYSICAL DESCRIPTION
Pagination 1528 p. :
Dimensions 23 cm.
650 ## - SUBJECT ADDED ENTRY--TOPICAL TERM
Topical term or geographic name as entry element Music
700 ## - ADDED ENTRY--PERSONAL NAME
Personal name হুদা, মুহম্মদ নূরুল (সম্পাদনা)
700 ## - ADDED ENTRY--PERSONAL NAME
Personal name দাশ, সুধীন (সম্পাদনা)
942 ## - ADDED ENTRY ELEMENTS (KOHA)
Source of classification or shelving scheme Dewey Decimal Classification
Koha item type Reference
Holdings
Source of classification or shelving scheme Damaged status Not for loan Home library Current library Shelving location Date of accession Cost, normal purchase price Total Checkouts Full call number Barcode Date last seen Copy number Koha item type
Dewey Decimal Classification     JCC Rouf Library JCC Rouf Library General Stacks 04/19/2018 750.00   784 NAZ 1997 12864 04/19/2018 C-1 Reference

JCC Library | Contacts | JCC Home

Last Update on 23 September 2017
Copyright @ 2017-2020 JCC Rouf Library
Rouf Library, Jhenidah Cadet College (JCC), Bangladesh